000
00265nam a2200109Ia 4500
008
190216s9999||||xx |||||||||||||| ||und||
100
_a
Gopinatha Menon
245
0
_a
J P S Menon Adaranjali
260
_b
Soviet Nad Grenthashala
650
_a
Oormakurip
942
_c
BK
999
_c
25653
_d
25653